| 000 | 00372nam a2200145Ia 4500 | ||
|---|---|---|---|
| 005 | 20240821154821.0 | ||
| 008 | 240821s9999||||xx |||||||||||||| ||und|| | ||
| 082 | _a741.5 FFO | ||
| 100 | _aFfolkes, Michael | ||
| 245 | 0 | _aDrawing Cartoons | |
| 260 |
_aLondon _bStudio Books _c1963 |
||
| 300 | _a56p. | ||
| 650 | _aArts, crafts, music, sports and recreations | ||
| 942 | _cBK | ||
| 999 |
_c83063 _d83063 |
||